[Event "SERBIA CHESS OPEN 2021 - MASTERS"]
[Site "Belgrade, Hotel Metropol"]
[Date "2021.07.02"]
[Round "1.108"]
[White "Dolgun, Can"]
[Black "Lajthajm, Borko"]
[Result "0-1"]
[WhiteElo "2133"]
[BlackElo "2370"]
[PlyCount "54"]
[EventDate "2021.??.??"]

1. e4 c5 2. Nf3 a6 3. c3 e6 4. d4 d5 5. exd5 exd5 6. Be3 cxd4 7. Bxd4 Nc6 8.
Bd3 Nxd4 9. Nxd4 Bd6 10. Nd2 g6 11. h3 Nf6 12. Qe2+ Kf8 13. O-O-O b5 14. Kb1
Kg7 15. g4 Bf4 16. Qf3 Qd6 17. Ne2 Bg5 18. Qg2 h6 19. f4 Bxf4 20. Nxf4 Qxf4 21.
Rhf1 Qd6 22. Ne4 Nxe4 23. Bxe4 Be6 24. Bxd5 Rad8 25. Bxe6 Qxe6 26. Rde1 Qd6 27.
Qf2 Qd5 0-1

[Event "SERBIA CHESS OPEN 2021 - MASTERS"]
[Site "Belgrade, Hotel Metropol"]
[Date "2021.07.02"]
[Round "1.109"]
[White "Damjanovic, Vuk"]
[Black "Unat, Can Haktan"]
[Result "1-0"]
[WhiteElo "2369"]
[BlackElo "2130"]
[PlyCount "76"]
[EventDate "2021.??.??"]

1. d4 d5 2. c4 dxc4 3. Nf3 Nf6 4. e3 Bg4 5. Bxc4 e6 6. h3 Bh5 7. Nc3 a6 8. O-O
Nc6 9. Re1 Bd6 10. g4 Bg6 11. e4 Nd7 12. e5 Be7 13. a3 Nb6 14. Ba2 Qd7 15. Be3
Rd8 16. Qe2 O-O 17. Rad1 Nd5 18. Nxd5 exd5 19. Nd2 f5 20. f4 Bf7 21. g5 Be6 22.
h4 Nb8 23. Nb1 c6 24. Nc3 Qe8 25. Rc1 Bf7 26. Na4 Bh5 27. Qf2 Kh8 28. Bd2 b5
29. Nc5 Bxc5 30. Rxc5 Qe6 31. Rec1 Rc8 32. R5c2 Bg4 33. Bb4 Rf7 34. Bd6 Rb7 35.
Qg2 Rd8 36. Bxb8 Rbxb8 37. Rxc6 Qe8 38. Bxd5 Rbc8 1-0

[Event "SERBIA CHESS OPEN 2021 - MASTERS"]
[Site "Belgrade, Hotel Metropol"]
[Date "2021.07.02"]
[Round "1.110"]
[White "Djokic, Mihailo"]
[Black "Risteski, Emil"]
[Result "1/2-1/2"]
[WhiteElo "2129"]
[BlackElo "2367"]
[PlyCount "111"]
[EventDate "2021.??.??"]

1. e4 c5 2. Nf3 Nc6 3. Bb5 g6 4. Bxc6 bxc6 5. O-O Bg7 6. d3 d6 7. Re1 e5 8. Be3
Ne7 9. Qd2 Bg4 10. Bh6 Bxh6 11. Qxh6 Bxf3 12. gxf3 Ng8 13. Qg7 Qf6 14. Qxf6
Nxf6 15. f4 exf4 16. e5 Nd5 17. exd6+ Kd7 18. Nd2 Rhe8 19. Ne4 f5 20. Nxc5+
Kxd6 21. Nb3 c5 22. c3 g5 23. d4 c4 24. Nd2 Nb6 25. Nf3 h6 26. Re5 Rxe5 27.
dxe5+ Ke6 28. Re1 Nd7 29. Nd4+ Kd5 30. e6 Nc5 31. Kg2 Re8 32. b4 f3+ 33. Kf1
Nd3 34. Rb1 f4 35. h3 Ke4 36. b5 h5 37. b6 axb6 38. Rb5 g4 39. Rxh5 g3 40. fxg3
fxg3 41. Rg5 g2+ 42. Kg1 Rf8 43. Rg4+ Ke5 44. Rg5+ Kd6 45. Rf5 f2+ 46. Kxg2
Rg8+ 47. Kh2 Ra8 48. Nb5+ Kxe6 49. Rxf2 Nxf2 50. Nc7+ Kd6 51. Nxa8 Kc6 52. h4
b5 53. a3 Kb7 54. h5 Kxa8 55. Kg3 Ne4+ 56. Kf4 1/2-1/2

[Event "SERBIA CHESS OPEN 2021 - MASTERS"]
[Site "Belgrade, Hotel Metropol"]
[Date "2021.07.02"]
[Round "1.111"]
[White "Vardaan, Nagpal"]
[Black "Srdanovic, Jovana"]
[Result "1-0"]
[WhiteElo "2366"]
[BlackElo "2126"]
[PlyCount "77"]
[EventDate "2021.??.??"]

1. d4 d5 2. c4 c6 3. Nf3 Nf6 4. g3 Bf5 5. Nc3 e6 6. Nh4 Bg4 7. h3 Bh5 8. Qb3
Qb6 9. g4 Bg6 10. Nxg6 hxg6 11. Bg2 Nbd7 12. e3 g5 13. Bd2 Be7 14. O-O-O Rb8
15. Kb1 Qxb3 16. axb3 Nb6 17. c5 Nbd7 18. b4 b6 19. Rc1 a5 20. Na2 a4 21. Kc2
b5 22. Nc3 Nf8 23. f3 Ng6 24. Be1 Kd7 25. Bg3 Rb7 26. Ra1 Bd8 27. f4 Bc7 28.
Ne2 gxf4 29. exf4 Nh4 30. Bxh4 Rxh4 31. Raf1 Rb8 32. Nc3 Rbh8 33. Rhg1 Ne4 34.
Nxe4 dxe4 35. f5 exf5 36. Rxf5 f6 37. Re1 Re8 38. Bxe4 Rf8 39. Rf3 1-0

[Event "SERBIA CHESS OPEN 2021 - MASTERS"]
[Site "Belgrade, Hotel Metropol"]
[Date "2021.07.02"]
[Round "1.112"]
[White "Asatryan, Sona"]
[Black "Vucinic, Gojko"]
[Result "1-0"]
[WhiteElo "2122"]
[BlackElo "2366"]
[PlyCount "47"]
[EventDate "2021.??.??"]

1. e4 c5 2. Nf3 d6 3. Bb5+ Nd7 4. d4 cxd4 5. Qxd4 a6 6. Bxd7+ Bxd7 7. c4 b5 8.
Nc3 Rc8 9. cxb5 axb5 10. O-O e6 11. Rd1 Qc7 12. Be3 Qb7 13. a3 e5 14. Qb6 Qxb6
15. Bxb6 Nf6 16. Ba5 Bc6 17. Rac1 Bb7 18. Nxb5 Rxc1 19. Rxc1 Nxe4 20. Rc7 Ba6
21. a4 Be7 22. Ra7 Bxb5 23. axb5 Bd8 24. Bxd8 1-0

[Event "SERBIA CHESS OPEN 2021 - MASTERS"]
[Site "Belgrade, Hotel Metropol"]
[Date "2021.07.02"]
[Round "1.113"]
[White "Pranav, V."]
[Black "Dimitrijevic, Dusan"]
[Result "1-0"]
[WhiteElo "2366"]
[BlackElo "2122"]
[PlyCount "49"]
[EventDate "2021.??.??"]

1. e4 e6 2. d4 d5 3. Nc3 Nf6 4. e5 Ne4 5. Nxe4 dxe4 6. Be3 c5 7. dxc5 Nd7 8.
Qg4 Nxc5 9. Bb5+ Bd7 10. O-O-O Qa5 11. Bxd7+ Nxd7 12. Qxe4 Qxa2 13. Rxd7 Qa1+
14. Kd2 Qa5+ 15. Kd1 Bc5 16. Rd3 O-O 17. Bc1 Rad8 18. Nf3 Rxd3+ 19. cxd3 Rd8
20. Ke2 Qa2 21. Qc4 Qb1 22. Rd1 Rd5 23. Nd2 Rxe5+ 24. Kf1 b5 25. Qc3 1-0

[Event "SERBIA CHESS OPEN 2021 - MASTERS"]
[Site "Belgrade, Hotel Metropol"]
[Date "2021.07.02"]
[Round "1.114"]
[White "Balabayeva, Xeniya"]
[Black "Nandhidhaa, P V."]
[Result "1/2-1/2"]
[WhiteElo "2116"]
[BlackElo "2365"]
[PlyCount "89"]
[EventDate "2021.??.??"]

1. e4 c5 2. Nf3 Nc6 3. Bb5 e5 4. O-O Bd6 5. c3 a6 6. Bc4 Nf6 7. Re1 O-O 8. d3
Be7 9. Bg5 Ng4 10. Bxe7 Qxe7 11. Nbd2 d6 12. Nf1 Be6 13. Ne3 Nxe3 14. Rxe3 Rac8
15. Qe2 b5 16. Bd5 f5 17. Bxe6+ Qxe6 18. exf5 Qxf5 19. Re1 b4 20. c4 Rc7 21.
Re4 Rcf7 22. h3 Nd8 23. Qe3 Qf6 24. Rg4 Ne6 25. Rf1 Nf4 26. Ng5 Rc7 27. Qe4 Qf5
28. Qxf5 Rxf5 29. Ne4 Rd7 30. Rd1 Rd8 31. b3 h5 32. Rh4 Ng6 33. g4 Nxh4 34.
gxf5 Nxf5 35. Ra1 Nd4 36. Kh2 Ne2 37. a3 a5 38. axb4 axb4 39. f3 Nf4 40. Ra6
Nxd3 41. Nxd6 Nc1 42. Nb7 Rc8 43. Na5 Rf8 44. Kg3 e4 45. Re6 1/2-1/2

[Event "SERBIA CHESS OPEN 2021 - MASTERS"]
[Site "Belgrade, Hotel Metropol"]
[Date "2021.07.02"]
[Round "1.115"]
[White "Souhardo, Basak"]
[Black "Lundin, Jan"]
[Result "0-1"]
[WhiteElo "2364"]
[BlackElo "2114"]
[PlyCount "78"]
[EventDate "2021.??.??"]

1. e4 e6 2. d4 d5 3. Nd2 Nc6 4. Ngf3 Nf6 5. e5 Nd7 6. Bd3 Nb4 7. Be2 c5 8. c3
Nc6 9. Bd3 a5 10. O-O a4 11. Qe2 Be7 12. Rd1 cxd4 13. cxd4 Qb6 14. Qe3 f6 15.
exf6 Nxf6 16. Nf1 O-O 17. Bb1 Bd6 18. Ng5 a3 19. bxa3 e5 20. Qd3 Qxd4 21. Qb3
Na5 22. Qc2 Qh4 23. g3 Qh5 24. f3 Bd7 25. g4 Qh4 26. Ng3 Rac8 27. Qg2 Rxc1 28.
Rxc1 Qxg5 29. Bf5 Nc4 30. Bxd7 Nxd7 31. Nf5 Bxa3 32. f4 exf4 33. Qxd5+ Kh8 34.
Rxc4 Nb6 35. Qe4 Qxg4+ 36. Kh1 Nxc4 37. Nd4 Qg6 38. Qxb7 Qf6 39. Nf3 Qxa1+ 0-1

[Event "SERBIA CHESS OPEN 2021 - MASTERS"]
[Site "Belgrade, Hotel Metropol"]
[Date "2021.07.02"]
[Round "1.116"]
[White "Trippold, Denise"]
[Black "Meissner, Felix"]
[Result "0-1"]
[WhiteElo "2113"]
[BlackElo "2362"]
[PlyCount "44"]
[EventDate "2021.??.??"]

1. d4 g6 2. c4 Bg7 3. e4 d6 4. Nc3 Nc6 5. Be3 e5 6. d5 Nce7 7. g3 f5 8. Bg2 Nf6
9. Nge2 O-O 10. O-O Ng4 11. Bd2 c6 12. exf5 gxf5 13. h3 Nf6 14. Be3 cxd5 15.
cxd5 Ng6 16. Kh2 f4 17. gxf4 exf4 18. Nxf4 Nxf4 19. Bxf4 Ng4+ 20. hxg4 Qh4+ 21.
Kg1 Rxf4 22. f3 Bd4+ 0-1

[Event "SERBIA CHESS OPEN 2021 - MASTERS"]
[Site "Belgrade, Hotel Metropol"]
[Date "2021.07.02"]
[Round "1.117"]
[White "Baglan, Esat"]
[Black "Radojicic, Aleksandar M"]
[Result "1-0"]
[WhiteElo "2359"]
[BlackElo "2112"]
[PlyCount "53"]
[EventDate "2021.??.??"]

1. e4 c5 2. Nf3 e6 3. g3 a6 4. Bg2 b5 5. O-O Bb7 6. Re1 d6 7. d4 cxd4 8. Nxd4
e5 9. Nf5 g6 10. Ne3 Nf6 11. c4 b4 12. Qa4+ Nc6 13. Nd5 Nxd5 14. cxd5 Qa5 15.
Qxa5 Nxa5 16. b3 Bc8 17. Bd2 Rb8 18. Rc1 Be7 19. Bxb4 Rxb4 20. Rxc8+ Bd8 21.
Na3 Kd7 22. Rac1 Rd4 23. Ra8 Rd2 24. Rxa6 Rxa2 25. Ra7+ Ke8 26. Nb5 Kf8 27.
Nxd6 1-0

[Event "SERBIA CHESS OPEN 2021 - MASTERS"]
[Site "Belgrade, Hotel Metropol"]
[Date "2021.07.02"]
[Round "1.118"]
[White "Skonnord, Uno"]
[Black "Kamer, Kayra"]
[Result "0-1"]
[WhiteElo "2112"]
[BlackElo "2355"]
[PlyCount "52"]
[EventDate "2021.??.??"]

1. e4 c5 2. Nf3 e6 3. Nc3 a6 4. g3 b5 5. Bg2 Bb7 6. d4 cxd4 7. Nxd4 Nf6 8. O-O
b4 9. Na4 Bxe4 10. Bxe4 Nxe4 11. Re1 Nc5 12. c3 Be7 13. cxb4 Nxa4 14. Qxa4 Qb6
15. b5 O-O 16. Be3 Bc5 17. Rec1 Bxd4 18. Bxd4 Qxb5 19. Qd1 Nc6 20. Bc5 Rfd8 21.
b3 d5 22. Rc2 d4 23. Ba3 Qa5 24. Rxc6 Qxa3 25. Qf3 Qf8 26. Qd3 a5 0-1

[Event "SERBIA CHESS OPEN 2021 - MASTERS"]
[Site "Belgrade, Hotel Metropol"]
[Date "2021.07.02"]
[Round "1.119"]
[White "Pastar, Slaven"]
[Black "Petrusic, Velimir"]
[Result "1-0"]
[WhiteElo "2354"]
[BlackElo "2111"]
[PlyCount "53"]
[EventDate "2021.??.??"]

1. b3 e5 2. Bb2 d6 3. e3 Nf6 4. c4 Be7 5. Nc3 O-O 6. Nf3 c6 7. Qc2 Nbd7 8. d4
a6 9. Bd3 b5 10. Ne4 bxc4 11. bxc4 h6 12. O-O Qc7 13. Ng3 Re8 14. Rac1 Bf8 15.
c5 d5 16. dxe5 Ng4 17. e6 fxe6 18. Bg6 Rd8 19. Bh7+ Kh8 20. Nh4 Nxc5 21. Ng6+
Kxh7 22. Nxf8+ Kg8 23. Qh7+ Kxf8 24. Qh8+ Ke7 25. Qxg7+ Kd6 26. Qxg4 Qa5 27.
Be5+ 1-0

[Event "SERBIA CHESS OPEN 2021 - MASTERS"]
[Site "Belgrade, Hotel Metropol"]
[Date "2021.07.02"]
[Round "1.120"]
[White "Karacsonyi, Kata"]
[Black "Krstulovic, Alex"]
[Result "0-1"]
[WhiteElo "2107"]
[BlackElo "2353"]
[PlyCount "56"]
[EventDate "2021.??.??"]

1. e4 d5 2. exd5 Nf6 3. d4 Nxd5 4. c4 Nb6 5. Nc3 g6 6. h3 Bg7 7. Nf3 O-O 8. Be2
Nc6 9. Be3 e5 10. d5 Ne7 11. a4 Nf5 12. Bc5 Re8 13. Ne4 Nd4 14. Bxb6 axb6 15.
O-O Nxe2+ 16. Qxe2 f5 17. Nc3 e4 18. Ne1 Bd7 19. Qc2 Qh4 20. Nb5 Bxb5 21. cxb5
Be5 22. Qb3 Bd6 23. Nc2 f4 24. Nd4 f3 25. Ne6 Rxe6 26. dxe6 Qg5 27. g3 Bxg3 28.
Kh1 Qf5 0-1

[Event "SERBIA CHESS OPEN 2021 - MASTERS"]
[Site "Belgrade, Hotel Metropol"]
[Date "2021.07.02"]
[Round "1.121"]
[White "Gasimov, Parviz"]
[Black "Gregoric, Andraz"]
[Result "1-0"]
[WhiteElo "2353"]
[BlackElo "2107"]
[PlyCount "77"]
[EventDate "2021.??.??"]

1. e4 e5 2. Bc4 Nc6 3. Nf3 Bc5 4. c3 Nf6 5. d3 d6 6. O-O a5 7. a4 O-O 8. Bg5 h6
9. Bh4 g5 10. Bg3 Bg4 11. Nbd2 Bb6 12. Qb3 Nh5 13. Kh1 Kg7 14. Bb5 f5 15. exf5
Rxf5 16. Bxc6 bxc6 17. Qc4 Bxf3 18. Nxf3 Qd7 19. Qe4 Raf8 20. d4 exd4 21. cxd4
Nf6 22. Qc2 c5 23. Rad1 Nh5 24. dxc5 Nxg3+ 25. hxg3 Bxc5 26. Qc3+ Kh7 27. g4
R5f7 28. Ne5 Qxa4 29. Qd3+ Kh8 30. Nxf7+ Rxf7 31. Qg6 Rg7 32. Qh5 Bxf2 33. Rd2
Be3 34. Qxh6+ Kg8 35. Qe6+ Kh8 36. Rf8+ Kh7 37. Qf5+ Rg6 38. Qf7+ Rg7 39. Qh5#
1-0

[Event "SERBIA CHESS OPEN 2021 - MASTERS"]
[Site "Belgrade, Hotel Metropol"]
[Date "2021.07.02"]
[Round "1.122"]
[White "Tyurin, Artem"]
[Black "Grieve, Harry"]
[Result "0-1"]
[WhiteElo "2106"]
[BlackElo "2351"]
[PlyCount "98"]
[EventDate "2021.??.??"]

1. c4 f5 2. g3 Nf6 3. Bg2 g6 4. Nc3 Bg7 5. d4 O-O 6. Nh3 d6 7. d5 c6 8. Nf4 e5
9. dxe6 Na6 10. h4 Ng4 11. O-O Nc5 12. e4 Bxe6 13. Nxe6 Nxe6 14. exf5 gxf5 15.
Re1 Qb6 16. Be3 Qxb2 17. Qxd6 Rae8 18. Ne2 Nxe3 19. fxe3 Be5 20. Rab1 Bxd6 21.
Rxb2 Nc5 22. Rd1 Bc7 23. Kf2 Re7 24. Bf3 Kg7 25. Nd4 Kh6 26. Ne2 a5 27. Rbd2
Rfe8 28. Nd4 Kg6 29. Nb3 Nxb3 30. axb3 Rxe3 31. Rd7 R8e7 32. Kg2 Kf6 33. g4
fxg4 34. Bxg4 Bb8 35. Rxe7 Rxe7 36. Rd7 Re4 37. Bf3 Re7 38. Rxe7 Kxe7 39. Bg4
Kd6 40. Kf3 Kc5 41. Ke4 Kb4 42. Bc8 c5 43. Kd5 Ba7 44. Bf5 h6 45. Bc2 Kc3 46.
Bd1 Kd2 47. Bf3 Kc2 48. Kd6 Kxb3 49. Kc7 a4 0-1

[Event "SERBIA CHESS OPEN 2021 - MASTERS"]
[Site "Belgrade, Hotel Metropol"]
[Date "2021.07.02"]
[Round "1.123"]
[White "Nestorovic, Dejan"]
[Black "Korkmaz, Necmettin"]
[Result "1-0"]
[WhiteElo "2350"]
[BlackElo "2101"]
[PlyCount "37"]
[EventDate "2021.??.??"]

1. d4 d5 2. c4 e5 3. dxe5 d4 4. Nf3 Nc6 5. g3 Be6 6. Nbd2 Qd7 7. Bg2 Bh3 8. O-O
Bxg2 9. Kxg2 Nge7 10. Nb3 Ng6 11. Nbxd4 Ncxe5 12. Qb3 O-O-O 13. Be3 Ng4 14. Nb5
Qe6 15. Bxa7 b6 16. Qa4 Kb7 17. Bb8 Qc6 18. Qa7+ Kc8 19. Bxc7 1-0

[Event "SERBIA CHESS OPEN 2021 - MASTERS"]
[Site "Belgrade, Hotel Metropol"]
[Date "2021.07.02"]
[Round "1.124"]
[White "Soubirou, Oriane"]
[Black "Zlatanovic, Boroljub"]
[Result "0-1"]
[WhiteElo "2101"]
[BlackElo "2350"]
[PlyCount "100"]
[EventDate "2021.??.??"]

1. e4 e6 2. d4 d5 3. Nc3 Bb4 4. e5 b6 5. a3 Bf8 6. Nf3 Ne7 7. h4 h6 8. h5 Qd7
9. a4 Ba6 10. Nb5 Nc8 11. Rh3 c6 12. Nc3 Bxf1 13. Kxf1 c5 14. Ne2 cxd4 15.
Nexd4 Ne7 16. g4 Nec6 17. g5 Bc5 18. c3 Bxd4 19. cxd4 Ne7 20. Bf4 Nbc6 21. Qd2
Nf5 22. Kg2 O-O-O 23. a5 b5 24. a6 Kb8 25. Qd3 Ka8 26. Rhh1 hxg5 27. Bxg5 Rb8
28. Bf4 Rb6 29. Qc3 Rc8 30. Rhc1 Qe8 31. Qd2 Qh8 32. Rh1 b4 33. b3 Nb8 34. Ra4
Qf8 35. Rc1 Rxc1 36. Qxc1 Qh8 37. Qh1 Nc6 38. Be3 Qh7 39. Qh3 Nxe3+ 40. fxe3
Qc2+ 41. Kg3 Qxb3 42. Ra1 Qxe3 43. Qg4 b3 44. Qxg7 b2 45. Rb1 Nxd4 46. Qf8+ Rb8
47. Qxf7 Nf5+ 48. Kg2 Qe2+ 49. Kg1 Qxf3 50. Qxe6 d4 0-1

[Event "SERBIA CHESS OPEN 2021 - MASTERS"]
[Site "Belgrade, Hotel Metropol"]
[Date "2021.07.02"]
[Round "1.125"]
[White "Kowalski, Igor"]
[Black "Andreev, Stanislav"]
[Result "1-0"]
[WhiteElo "2349"]
[BlackElo "2101"]
[PlyCount "99"]
[EventDate "2021.??.??"]

1. d4 d5 2. c4 c6 3. Nf3 Nf6 4. e3 e6 5. Nbd2 Nbd7 6. Bd3 Bd6 7. b3 e5 8. cxd5
cxd5 9. dxe5 Nxe5 10. Bb5+ Bd7 11. Bxd7+ Qxd7 12. O-O Nd3 13. Nd4 O-O 14. N2f3
Nxc1 15. Rxc1 Rac8 16. Qd3 a6 17. Ne2 Qg4 18. h3 Qe4 19. Qd2 Bb4 20. Qb2 Rfd8
21. Rfd1 Qe7 22. Rxc8 Rxc8 23. Nf4 Qe4 24. Rd4 Bc3 25. Rxe4 Bxb2 26. Re7 b5 27.
Ra7 h6 28. Rxa6 Ne4 29. Nd3 Bf6 30. Ra5 Rc3 31. Nfe1 Nd6 32. Ra6 Ne4 33. Rb6
Nc5 34. Nxc5 Rxc5 35. Nd3 Rc3 36. Nb4 d4 37. Rxb5 dxe3 38. fxe3 Rxe3 39. Nd5
Re1+ 40. Kf2 Re6 41. Nxf6+ Rxf6+ 42. Ke3 Re6+ 43. Kd3 Rg6 44. g4 Rd6+ 45. Kc3
Rf6 46. a4 Rf3+ 47. Kb4 Rf4+ 48. Kc5 f5 49. a5 fxg4 50. hxg4 1-0

[Event "SERBIA CHESS OPEN 2021 - MASTERS"]
[Site "Belgrade, Hotel Metropol"]
[Date "2021.07.02"]
[Round "1.126"]
[White "Boucquet, Emile"]
[Black "Ramoutar, Alan-Safar"]
[Result "1/2-1/2"]
[WhiteElo "2100"]
[BlackElo "2344"]
[PlyCount "119"]
[EventDate "2021.??.??"]

1. e4 c6 2. d4 d5 3. f3 dxe4 4. fxe4 e5 5. Nf3 Bg4 6. Bc4 Nd7 7. O-O Ngf6 8.
Bg5 Bd6 9. c3 h6 10. Bxf6 Nxf6 11. Qb3 O-O 12. Nxe5 Bxe5 13. dxe5 Nxe4 14. Qxb7
Qg5 15. Re1 Bf3 16. Bf1 Qh4 17. Na3 Qf2+ 18. Kh1 Nd2 19. Qa6 Rab8 20. Qd3 Rxb2
21. Nc4 Bxg2+ 22. Bxg2 Nxc4 23. Qf3 Qxf3 24. Bxf3 Rd8 25. e6 fxe6 26. Rxe6 c5
27. Rae1 Nd2 28. Bh5 Rb1 29. Rxb1 Nxb1 30. Rc6 Nxc3 31. Rxc5 Rd5 32. Rc8+ Kh7
33. Bf7 Rd1+ 34. Kg2 Rd2+ 35. Kh3 Ne4 36. Bg8+ Kg6 37. Rc6+ Kf5 38. Rc7 Kf4 39.
Rf7+ Nf6 40. Rxg7 Nxg8 41. Rxg8 Rxa2 42. Rc8 Ra5 43. Kh4 Rb5 44. Rc6 Rb6 45.
Rc4+ Ke3 46. Ra4 a6 47. Kh5 Kd3 48. h4 Kc3 49. Ra1 Kb2 50. Ra5 Rd6 51. Ra4 Kb3
52. Ra1 Kb4 53. Rb1+ Kc5 54. Rc1+ Kb6 55. Rb1+ Ka7 56. Ra1 Rd4 57. Rh1 Rd6 58.
Ra1 Kb7 59. Ra2 Kb6 60. Rb2+ 1/2-1/2

[Event "SERBIA CHESS OPEN 2021 - MASTERS"]
[Site "Belgrade, Hotel Metropol"]
[Date "2021.07.02"]
[Round "1.127"]
[White "Volkov, Dmitriy"]
[Black "Herega, Nejc"]
[Result "1-0"]
[WhiteElo "2343"]
[BlackElo "2099"]
[PlyCount "57"]
[EventDate "2021.??.??"]

1. e4 c5 2. Nf3 d6 3. d4 cxd4 4. Nxd4 Nf6 5. Nc3 g6 6. Be3 Bg7 7. f3 O-O 8. Qd2
Nc6 9. O-O-O d5 10. Qe1 e5 11. Nxc6 bxc6 12. exd5 Nxd5 13. Bc4 Be6 14. Ne4 Qc7
15. Bc5 Rfd8 16. Qh4 h6 17. g4 Qa5 18. Rd3 g5 19. Qf2 f5 20. gxf5 Bxf5 21. Rhd1
Kh7 22. Ra3 Qc7 23. Bd3 Bg6 24. h4 Nf4 25. hxg5 Nxd3+ 26. cxd3 Rd5 27. gxh6
Bxh6+ 28. Be3 Qg7 29. Rh1 1-0

[Event "SERBIA CHESS OPEN 2021 - MASTERS"]
[Site "Belgrade, Hotel Metropol"]
[Date "2021.07.02"]
[Round "1.128"]
[White "Garabetyan, Arno"]
[Black "Karacsonyi, Gellert"]
[Result "0-1"]
[WhiteElo "2096"]
[BlackElo "2340"]
[PlyCount "60"]
[EventDate "2021.??.??"]

1. d4 Nf6 2. c4 e6 3. Nc3 Bb4 4. Bd2 O-O 5. Nf3 b6 6. e3 Bxc3 7. Bxc3 Ne4 8.
Rc1 Bb7 9. Bd3 f5 10. O-O d6 11. Be1 Nd7 12. Nd2 Nxd2 13. Bxd2 e5 14. f3 Kh8
15. dxe5 Nxe5 16. Be2 a5 17. Bc3 Qe7 18. Qd2 Rfe8 19. Rce1 Rad8 20. b3 Qh4 21.
Qd4 Qh6 22. Qf4 Qe6 23. Qg5 Rd7 24. e4 fxe4 25. f4 Qg6 26. Bxe5 dxe5 27. Rd1
Rxd1 28. Rxd1 exf4 29. Rd8 Bc6 30. Qxf4 Rxd8 0-1

[Event "SERBIA CHESS OPEN 2021 - MASTERS"]
[Site "Belgrade, Hotel Metropol"]
[Date "2021.07.02"]
[Round "1.129"]
[White "Dimic, Pavle"]
[Black "Kovacevic, Radmila"]
[Result "1-0"]
[WhiteElo "2337"]
[BlackElo "2093"]
[PlyCount "81"]
[EventDate "2021.??.??"]

1. d4 e5 2. dxe5 Nc6 3. Nf3 Qe7 4. Bf4 Qb4+ 5. Bd2 Qxb2 6. Nc3 Bb4 7. Rb1 Qa3
8. Nd5 Bxd2+ 9. Nxd2 Kd8 10. Nc4 Qc5 11. e4 b5 12. Nce3 Rb8 13. Qg4 Qf8 14. Qg3
Nd4 15. Bd3 Ne6 16. O-O h5 17. h4 c6 18. Nf4 g6 19. Nxe6+ fxe6 20. Qxg6 Rh6 21.
Qg3 Ne7 22. f4 Rg6 23. Qf2 Kc7 24. f5 Rh6 25. Qd2 Qh8 26. Qa5+ Rb6 27. Qc3 Ba6
28. Qc5 Kd8 29. a4 Nc8 30. f6 d6 31. exd6 Qf8 32. e5 Qf7 33. a5 Bb7 34. axb6
axb6 35. Qd4 Kd7 36. Qf4 Rh8 37. Be4 Ba8 38. Qf3 Rg8 39. Rfe1 Bb7 40. c4 b4 41.
Rxb4 1-0

[Event "SERBIA CHESS OPEN 2021 - MASTERS"]
[Site "Belgrade, Hotel Metropol"]
[Date "2021.07.02"]
[Round "1.130"]
[White "Nurmanova, Alua"]
[Black "Zhukova, Natalia"]
[Result "0-1"]
[WhiteElo "2093"]
[BlackElo "2336"]
[PlyCount "104"]
[EventDate "2021.??.??"]

1. e4 e5 2. Nf3 Nc6 3. Bb5 a6 4. Ba4 Nf6 5. O-O b5 6. Bb3 Bc5 7. c3 d6 8. d4
Bb6 9. a4 Rb8 10. a5 Ba7 11. Be3 Bg4 12. Nbd2 O-O 13. h3 Bh5 14. Qc2 Re8 15.
Rfe1 Bg6 16. dxe5 Bxe3 17. Rxe3 dxe5 18. Nh4 Ng4 19. Rg3 Qxh4 20. Rxg4 Qe7 21.
Nf3 Bh5 22. Rg3 Rbd8 23. Bd5 Nb8 24. Nh2 Rd6 25. c4 Bg6 26. Qc3 c6 27. c5 Rd7
28. Bb3 Rd4 29. Rd1 b4 30. Qf3 Nd7 31. h4 Nxc5 32. Rxd4 exd4 33. h5 Bxe4 34.
Qg4 Qf6 35. Bc4 h6 36. Qe2 Qd8 37. Ng4 Kh8 38. Qd2 Qd6 39. Bxf7 Rf8 40. Bc4 d3
41. b3 Bd5 42. Bxd3 Be4 43. Re3 Bxd3 44. Ne5 Qd5 45. Qxb4 Bh7 46. f4 Kg8 47.
Nf3 Be4 48. Nd2 Rxf4 49. g3 Rg4 50. Qc3 Qxh5 51. Nxe4 Nxe4 52. Qxc6 Nxg3 0-1

[Event "SERBIA CHESS OPEN 2021 - MASTERS"]
[Site "Belgrade, Hotel Metropol"]
[Date "2021.07.02"]
[Round "1.131"]
[White "Abramovic, Bosko"]
[Black "Demchenko, Svitlana"]
[Result "1-0"]
[WhiteElo "2334"]
[BlackElo "2089"]
[PlyCount "95"]
[EventDate "2021.??.??"]

1. Nf3 c5 2. c4 Nc6 3. Nc3 g6 4. e3 Bg7 5. d4 cxd4 6. exd4 d6 7. d5 Ne5 8. Nxe5
Bxe5 9. Be2 h5 10. Be3 Nh6 11. Bd4 Nf5 12. Bxe5 dxe5 13. O-O O-O 14. Re1 f6 15.
Qd2 e6 16. Bd3 exd5 17. Nxd5 Be6 18. Bxf5 Bxf5 19. f4 Qd6 20. fxe5 fxe5 21. Qe3
Rfe8 22. Rad1 b6 23. h3 Rac8 24. b3 Kg7 25. Qg3 Qc5+ 26. Kh1 e4 27. Rf1 Qf8 28.
Ne3 Rc5 29. Rd5 Rxd5 30. cxd5 Kh7 31. Nxf5 gxf5 32. Qg5 Re5 33. Rc1 Re7 34.
Qxh5+ Kg8 35. Rc6 Rh7 36. Qg6+ Rg7 37. Qh6 Qe8 38. Re6 Qb5 39. Rg6 Qf1+ 40. Kh2
Rxg6 41. Qxg6+ Kf8 42. d6 Qf4+ 43. Qg3 Qd2 44. Qe5 Kg8 45. h4 f4 46. Qe8+ Kg7
47. Qe7+ Kh6 48. d7 1-0

[Event "SERBIA CHESS OPEN 2021 - MASTERS"]
[Site "Belgrade, Hotel Metropol"]
[Date "2021.07.02"]
[Round "1.132"]
[White "Gokcek, Kursat Bugra"]
[Black "Samadov, Read"]
[Result "0-1"]
[WhiteElo "2089"]
[BlackElo "2332"]
[PlyCount "82"]
[EventDate "2021.??.??"]

1. d4 Nf6 2. Bf4 e6 3. e3 c5 4. c3 Nc6 5. Nd2 d5 6. Ngf3 Bd6 7. Bg3 O-O 8. Bd3
b6 9. Qe2 Bb7 10. Rd1 c4 11. Bc2 Ne7 12. Bh4 Ng6 13. Bxg6 hxg6 14. Ne5 Be7 15.
f4 b5 16. Bxf6 gxf6 17. Nef3 Kg7 18. a3 a5 19. h4 Rh8 20. Kf2 b4 21. Ra1 Bc6
22. g4 bxc3 23. bxc3 Rb8 24. g5 Rb2 25. Rag1 Kf8 26. h5 Rxh5 27. Rxh5 gxh5 28.
g6 fxg6 29. Rxg6 Be8 30. Rg1 Qd6 31. Ra1 Qb8 32. Kg3 Qb3 33. Rg1 Qxc3 34. Kh3
Bf7 35. Qg2 Qxe3 36. Qg7+ Ke8 37. Qh8+ Bf8 38. Rg8 Bxg8 39. Qxg8 Rxd2 40. Qg6+
Ke7 41. Qxh5 Rd3 0-1

[Event "SERBIA CHESS OPEN 2021 - MASTERS"]
[Site "Belgrade, Hotel Metropol"]
[Date "2021.07.02"]
[Round "1.133"]
[White "Ozenir, Ekin Baris"]
[Black "Jordanov, Mihail"]
[Result "1-0"]
[WhiteElo "2331"]
[BlackElo "2082"]
[PlyCount "51"]
[EventDate "2021.??.??"]

1. Nf3 Nf6 2. c4 e6 3. b3 b6 4. Bb2 Bb7 5. e3 c5 6. Be2 Be7 7. O-O O-O 8. Nc3
d6 9. d4 cxd4 10. Qxd4 a6 11. Rfd1 Qc7 12. Ba3 Ne8 13. Rac1 Nd7 14. Qf4 Ne5 15.
Nd4 Nf6 16. Qg3 Rfd8 17. f4 Nc6 18. Bb2 Rac8 19. Nd5 Nxd4 20. Nxe7+ Qxe7 21.
Bxd4 Rc6 22. Bf3 d5 23. cxd5 Rxc1 24. Rxc1 Bxd5 25. Bxb6 Rd7 26. Rc8+ 1-0

[Event "SERBIA CHESS OPEN 2021 - MASTERS"]
[Site "Belgrade, Hotel Metropol"]
[Date "2021.07.02"]
[Round "1.134"]
[White "Rutten, Alexander"]
[Black "O`donnell, Conor"]
[Result "0-1"]
[WhiteElo "2082"]
[BlackElo "2331"]
[PlyCount "105"]
[EventDate "2021.??.??"]

1. e4 e6 2. d4 d5 3. e5 c5 4. c3 Nc6 5. Nf3 Bd7 6. Be2 f6 7. O-O fxe5 8. Nxe5
Nxe5 9. dxe5 Qc7 10. Re1 O-O-O 11. c4 Qxe5 12. Bf3 Qd6 13. cxd5 exd5 14. Nc3
Bc6 15. g3 Nf6 16. Bf4 Qd7 17. Be5 d4 18. Ne4 Bxe4 19. Rxe4 Bd6 20. Bxf6 gxf6
21. b4 Kb8 22. bxc5 Bxc5 23. Qd3 h5 24. Rh4 f5 25. Rxh5 Rxh5 26. Bxh5 Qh7 27.
Bf3 Rh8 28. h4 f4 29. Qxh7 Rxh7 30. Rd1 b5 31. h5 fxg3 32. fxg3 b4 33. g4 d3+
34. Kf1 Rd7 35. g5 Be3 36. g6 Bh6 37. Be4 d2 38. Ke2 a5 39. Bc2 Kc7 40. Ba4
Re7+ 41. Kd3 Re3+ 42. Kc4 Rg3 43. Rf1 Kd6 44. Bb3 Rg4+ 45. Kd3 Ke5 46. Rd1 Kf6
47. Rf1+ Ke5 48. Rd1 Rd4+ 49. Ke2 Re4+ 50. Kd3 Rg4 51. Rf1 Rg3+ 52. Ke2 Kd4 53.
Rf3 0-1